000
00269nam a2200109 4500
008
160625b xxu||||| |||| 00| 0 eng d
100
_9
1166
_a
Burnett, F.H
245
_a
The Secret Garden
260
_a
Bombay
_b
St.Pauls
300
_a
The Secret Garden
942
_2
ddc
_c
BK
999
_c
947
_d
947